| 000 | 00796cam a2200229 4500 | ||
|---|---|---|---|
| 001 | WB3549-40 | ||
| 008 | 000000n1999 000 0 eng u | ||
| 035 | _a(Sirsi) u103199 | ||
| 245 | _aWorkplace parking charges | ||
| 260 | _c1999 | ||
| 490 |
_aProperty Week _v64(48) 10 December 1999, 5(1) |
||
| 520 | _aThe property industry has warned that proposals for workplace parking charges included in the Transport Bill could depress office rents, and suggested that most councils will chose not to implement the charges. | ||
| 590 | _aWB | ||
| 650 | _aWORKPLACE PARKING CHARGES | ||
| 650 | _aOFFICE RENTS | ||
| 650 | _aTRANSPORT PLANS | ||
| 650 | _aLOCAL AUTHORITIES | ||
| 650 | _aTRANSPORT BILL | ||
| 650 | _aPUBLIC TRANSPORT | ||
| 690 | _aTRANSPORT AND COMMUNICATIONS | ||
| 942 | _n0 | ||
| 999 |
_c62026 _d62026 |
||